[Event "DEM U12 2025"]
[Site "Willingen GER"]
[Date "2025.06.11"]
[Round "5"]
[White "Ziem, Ole"]
[Black "Haas, Leandro"]
[Result "0-1"]
[Termination "normal"]
[Board "18"]
[WhiteElo "1670"]
[BlackElo "1730"]
[WhiteClock "00:13:41"]
[BlackClock "00:37:20"]
[PlyCount "64"]
[WhiteFideId "34624791"]
[BlackFideId "34632549"]
[EventCountry "GER"]
[EventRounds "9"]
[EventType "swiss"]
[EventDate "2025.06.07"]

1. e4 {[%clk 01:30:57]} {[%emt 00:00:03]} e6 {[%clk 01:30:57]} {[%emt
00:00:03]} 2. d4 {[%clk 01:30:57]} {[%emt 00:00:29]} d5 {[%clk 01:31:04]}
{[%emt 00:00:24]} 3. Nd2 {[%clk 01:30:55]} {[%emt 00:00:33]} Nc6 {[%clk
01:30:43]} {[%emt 00:00:46]} 4. Ngf3 {[%clk 01:30:08]} {[%emt 00:01:21]} Nf6
{[%clk 01:30:29]} {[%emt 00:00:44]} 5. e5 {[%emt 00:01:48]} Nd7 {[%clk
01:30:25]} {[%emt 00:00:02]} 6. Bd3 {[%clk 01:29:08]} {[%emt 00:00:44]} f6
{[%clk 01:29:14]} {[%emt 00:01:41]} 7. exf6 {[%clk 01:29:01]} {[%emt 00:00:38]}
Qxf6 {[%clk 01:29:13]} {[%emt 00:00:30]} 8. Nb3 {[%clk 01:28:37]} {[%emt
00:00:55]} Bd6 {[%clk 01:26:06]} {[%emt 00:03:36]} 9. Bg5 {[%emt 00:07:36]} Qf7
{[%clk 01:25:13]} {[%emt 00:00:32]} 10. O-O {[%clk 01:21:04]} {[%emt 00:01:51]}
O-O {[%clk 01:21:22]} {[%emt 00:04:20]} 11. Bh4 {[%clk 01:17:33]} {[%emt
00:04:01]} e5 {[%clk 01:13:58]} {[%emt 00:07:55]} 12. Ng5 {[%clk 01:13:49]}
{[%emt 00:04:13]} Qe8 {[%clk 01:11:06]} {[%emt 00:03:19]} 13. Bxh7+ {[%clk
01:10:30]} {[%emt 00:03:51]} Kh8 {[%clk 01:11:31]} {[%emt 00:00:05]} 14. Bd3
{[%clk 00:54:12]} {[%emt 00:16:48]} Nf6 {[%clk 01:06:52]} {[%emt 00:05:09]} 15.
Re1 {[%clk 00:52:26]} {[%emt 00:02:16]} e4 {[%clk 01:06:59]} {[%emt 00:00:23]}
16. Be2 {[%clk 00:49:57]} {[%emt 00:03:00]} Qg6 {[%clk 01:06:25]} {[%emt
00:01:03]} 17. g3 {[%clk 00:42:46]} {[%emt 00:07:42]} Qf5 {[%clk 00:59:49]}
{[%emt 00:07:05]} 18. Rf1 {[%clk 00:37:29]} {[%emt 00:05:47]} a5 {[%clk
00:56:49]} {[%emt 00:03:30]} 19. a4 {[%clk 00:37:37]} {[%emt 00:00:23]} Nh7
{[%clk 00:54:31]} {[%emt 00:02:47]} 20. Qd2 {[%clk 00:33:55]} {[%emt 00:04:14]}
Bd7 {[%clk 00:48:18]} {[%emt 00:06:42]} 21. c3 {[%clk 00:29:25]} {[%emt
00:05:00]} Rae8 {[%clk 00:48:38]} {[%emt 00:00:10]} 22. Qe3 {[%clk 00:28:37]}
{[%emt 00:01:17]} Ne7 {[%clk 00:47:14]} {[%emt 00:01:56]} 23. Bh5 {[%clk
00:25:04]} {[%emt 00:04:02]} g6 {[%clk 00:45:46]} {[%emt 00:02:00]} 24. Be2
{[%clk 00:25:08]} {[%emt 00:00:26]} b6 {[%clk 00:44:29]} {[%emt 00:01:48]} 25.
Nd2 {[%clk 00:22:24]} {[%emt 00:03:13]} Ng8 {[%clk 00:44:23]} {[%emt 00:00:35]}
26. c4 {[%clk 00:22:22]} {[%emt 00:00:33]} Nh6 {[%clk 00:43:31]} {[%emt
00:01:20]} 27. Nxh7 {[%clk 00:16:41]} {[%emt 00:06:11]} Kxh7 {[%clk 00:43:53]}
{[%emt 00:00:08]} 28. Qg5 {[%clk 00:16:33]} {[%emt 00:00:39]} Qh3 {[%clk
00:41:35]} {[%emt 00:02:46]} 29. Qxd5 {[%clk 00:15:16]} {[%emt 00:01:48]} Nf5
{[%clk 00:38:34]} {[%emt 00:03:30]} 30. Bg5 {[%clk 00:15:10]} {[%emt 00:00:37]}
Be6 {[%clk 00:38:23]} {[%emt 00:00:41]} 31. Qb7 {[%clk 00:13:41]} {[%emt
00:01:58]} Nxg3 {[%clk 00:37:20]} {[%emt 00:01:33]} 32. Bd1 {[%emt 00:05:48]}
Ne2+ {[%emt 00:00:01]} 0-1

[Event "DEM U12 2025"]
[Site "Willingen GER"]
[Date "2025.06.11"]
[Round "5"]
[White "Krishnan, Vihaan"]
[Black "Classen, Marnin"]
[Result "1-0"]
[Termination "normal"]
[Board "19"]
[WhiteElo "1731"]
[BlackElo "1663"]
[WhiteClock "00:27:17"]
[BlackClock "01:12:56"]
[PlyCount "69"]
[WhiteFideId "34633910"]
[BlackFideId "34623833"]
[EventCountry "GER"]
[EventRounds "9"]
[EventType "swiss"]
[EventDate "2025.06.07"]

1. e4 {[%clk 01:30:56]} {[%emt 00:00:04]} c5 {[%clk 01:30:52]} {[%emt
00:00:09]} 2. Nf3 {[%clk 01:31:22]} {[%emt 00:00:04]} d6 {[%clk 01:31:17]}
{[%emt 00:00:05]} 3. d4 {[%clk 01:31:48]} {[%emt 00:00:03]} cxd4 {[%clk
01:31:40]} {[%emt 00:00:08]} 4. Nxd4 {[%clk 01:32:12]} {[%emt 00:00:05]} Nf6
{[%clk 01:32:02]} {[%emt 00:00:09]} 5. Nc3 {[%clk 01:32:38]} {[%emt 00:00:03]}
g6 {[%clk 01:32:28]} {[%emt 00:00:04]} 6. Be3 {[%clk 01:33:02]} {[%emt
00:00:05]} Bg7 {[%clk 01:32:53]} {[%emt 00:00:06]} 7. f3 {[%clk 01:33:28]}
{[%emt 00:00:04]} O-O {[%clk 01:33:17]} {[%emt 00:00:06]} 8. Qd2 {[%clk
01:33:55]} {[%emt 00:00:04]} Nc6 {[%clk 01:33:39]} {[%emt 00:00:07]} 9. O-O-O
{[%clk 01:34:13]} {[%emt 00:00:12]} d5 {[%clk 01:33:22]} {[%emt 00:00:47]} 10.
exd5 {[%clk 01:34:33]} {[%emt 00:00:10]} Nxd5 {[%clk 01:33:45]} {[%emt
00:00:08]} 11. Nxc6 {[%clk 01:34:58]} {[%emt 00:00:07]} bxc6 {[%clk 01:34:05]}
{[%emt 00:00:09]} 12. Bd4 {[%clk 01:34:38]} {[%emt 00:00:50]} e5 {[%clk
01:34:24]} {[%emt 00:00:10]} 13. Bc5 {[%clk 01:35:01]} {[%emt 00:00:08]} Re8
{[%clk 01:34:11]} {[%emt 00:00:42]} 14. Ne4 {[%clk 01:34:36]} {[%emt 00:00:55]}
Qc7 {[%clk 01:34:33]} {[%emt 00:00:09]} 15. h4 {[%clk 01:26:04]} {[%emt
00:09:02]} h5 {[%clk 01:24:11]} {[%emt 00:10:51]} 16. Bc4 {[%clk 01:11:47]}
{[%emt 00:14:48]} Rd8 {[%clk 01:20:05]} {[%emt 00:04:36]} 17. Qf2 {[%clk
00:53:06]} {[%emt 00:19:11]} Bf5 {[%clk 01:16:02]} {[%emt 00:04:33]} 18. Rhg1
{[%clk 00:45:34]} {[%emt 00:08:01]} Rab8 {[%clk 01:14:59]} {[%emt 00:01:34]}
19. g3 {[%clk 00:35:07]} {[%emt 00:10:56]} Bxe4 {[%clk 01:12:40]} {[%emt
00:02:50]} 20. fxe4 {[%clk 00:34:37]} {[%emt 00:00:59]} Bh6+ {[%clk 01:12:54]}
{[%emt 00:00:16]} 21. Rd2 {[%clk 00:27:45]} {[%emt 00:07:22]} Nf6 {[%clk
01:12:03]} {[%emt 00:01:22]} 22. Qxf6 {[%clk 00:25:10]} {[%emt 00:03:04]} Rxd2
{[%clk 01:09:53]} {[%emt 00:02:40]} 23. Qxg6+ {[%clk 00:25:27]} {[%emt
00:00:13]} Kh8 {[%clk 01:10:00]} {[%emt 00:00:23]} 24. Qxh6+ {[%clk 00:25:50]}
{[%emt 00:00:07]} Kg8 {[%emt 00:00:31]} 25. Qxd2 {[%clk 00:25:58]} {[%emt
00:00:04]} Qb7 {[%clk 01:10:26]} {[%emt 00:00:21]} 26. b3 {[%clk 00:25:24]}
{[%emt 00:01:04]} a6 {[%clk 01:10:26]} {[%emt 00:00:31]} 27. g4 {[%clk
00:25:26]} {[%emt 00:00:26]} Kh7 {[%clk 01:10:32]} {[%emt 00:00:24]} 28. gxh5
{[%clk 00:25:42]} {[%emt 00:00:14]} f6 {[%clk 01:10:53]} {[%emt 00:00:10]} 29.
Qg2 {[%clk 00:25:47]} {[%emt 00:00:24]} a5 {[%clk 01:11:02]} {[%emt 00:00:22]}
30. Qg6+ {[%clk 00:26:04]} {[%emt 00:00:12]} Kh8 {[%clk 01:11:21]} {[%emt
00:00:10]} 31. Qxf6+ {[%clk 00:26:16]} {[%emt 00:00:20]} Kh7 {[%clk 01:11:43]}
{[%emt 00:00:07]} 32. Qg6+ {[%clk 00:26:33]} {[%emt 00:00:14]} Kh8 {[%clk
01:12:06]} {[%emt 00:00:07]} 33. Qh6+ {[%clk 00:26:58]} {[%emt 00:00:05]} Qh7
{[%clk 01:12:31]} {[%emt 00:00:05]} 34. Qf6+ {[%clk 00:27:23]} {[%emt
00:00:05]} Qg7 {[%clk 01:12:56]} {[%emt 00:00:05]} 35. Qxg7# {[%clk 00:27:17]}
{[%emt 00:00:05]} 1-0

[Event "DEM U12 2025"]
[Site "Willingen GER"]
[Date "2025.06.11"]
[Round "5"]
[White "Teng, David"]
[Black "Wettstein, Levin"]
[Result "1-0"]
[Termination "normal"]
[Board "20"]
[WhiteElo "1837"]
[BlackElo "1760"]
[WhiteClock "00:34:16"]
[BlackClock "00:23:33"]
[PlyCount "117"]
[WhiteFideId "34604570"]
[BlackFideId "34635866"]
[EventCountry "GER"]
[EventRounds "9"]
[EventType "swiss"]
[EventDate "2025.06.07"]

1. e4 {[%clk 01:30:54]} {[%emt 00:00:04]} e5 {[%clk 01:30:56]} {[%emt
00:00:05]} 2. Nf3 {[%clk 01:31:03]} {[%emt 00:00:21]} Nc6 {[%clk 01:31:18]}
{[%emt 00:00:07]} 3. Bb5 {[%clk 01:31:12]} {[%emt 00:00:20]} a6 {[%clk
01:31:39]} {[%emt 00:00:10]} 4. Ba4 {[%clk 01:31:33]} {[%emt 00:00:10]} d6
{[%clk 01:32:01]} {[%emt 00:00:07]} 5. c3 {[%clk 01:31:00]} {[%emt 00:01:03]}
Bd7 {[%clk 01:32:06]} {[%emt 00:00:25]} 6. O-O {[%clk 01:30:47]} {[%emt
00:00:43]} g6 {[%clk 01:32:12]} {[%emt 00:00:25]} 7. Re1 {[%clk 01:28:54]}
{[%emt 00:02:23]} Bg7 {[%clk 01:31:10]} {[%emt 00:01:32]} 8. d3 {[%clk
01:25:58]} {[%emt 00:03:25]} h6 {[%clk 01:28:43]} {[%emt 00:02:59]} 9. Nbd2
{[%clk 01:25:15]} {[%emt 00:01:12]} Qe7 {[%clk 01:21:23]} {[%emt 00:07:50]} 10.
Nf1 {[%clk 01:23:01]} {[%emt 00:02:44]} O-O-O {[%clk 01:19:02]} {[%emt
00:02:50]} 11. b4 {[%clk 01:21:52]} {[%emt 00:01:40]} Nb8 {[%clk 01:13:05]}
{[%emt 00:06:28]} 12. Bb3 {[%clk 01:19:21]} {[%emt 00:03:01]} f5 {[%clk
01:07:58]} {[%emt 00:05:38]} 13. Ne3 {[%clk 01:18:17]} {[%emt 00:01:33]} f4
{[%clk 01:05:17]} {[%emt 00:03:11]} 14. Nd5 {[%clk 01:17:53]} {[%emt 00:00:54]}
Qe8 {[%clk 01:04:28]} {[%emt 00:01:20]} 15. a4 {[%clk 01:17:12]} {[%emt
00:01:12]} Nf6 {[%clk 01:04:03]} {[%emt 00:00:54]} 16. b5 {[%clk 01:15:50]}
{[%emt 00:01:53]} axb5 {[%clk 01:00:59]} {[%emt 00:03:35]} 17. axb5 {[%clk
01:15:43]} {[%emt 00:00:35]} Nxd5 {[%clk 01:00:12]} {[%emt 00:01:18]} 18. Bxd5
{[%clk 01:15:42]} {[%emt 00:00:32]} Bxb5 {[%clk 00:58:15]} {[%emt 00:02:26]}
19. Qb3 {[%clk 01:13:17]} {[%emt 00:02:56]} Bc6 {[%clk 00:51:05]} {[%emt
00:07:39]} 20. Re2 {[%clk 01:11:20]} {[%emt 00:02:26]} Bxd5 {[%clk 00:49:07]}
{[%emt 00:02:28]} 21. exd5 {[%clk 01:11:32]} {[%emt 00:00:19]} Qe7 {[%clk
00:46:50]} {[%emt 00:02:47]} 22. Nd4 {[%clk 01:08:22]} {[%emt 00:03:41]} Qf7
{[%clk 00:42:22]} {[%emt 00:04:57]} 23. Ne6 {[%clk 01:05:45]} {[%emt 00:03:07]}
f3 {[%clk 00:38:23]} {[%emt 00:04:29]} 24. Rb2 {[%clk 00:59:39]} {[%emt
00:06:36]} Kd7 {[%clk 00:35:19]} {[%emt 00:03:33]} 25. Nxd8 {[%clk 00:56:32]}
{[%emt 00:03:37]} Rxd8 {[%clk 00:34:13]} {[%emt 00:01:35]} 26. Qxb7 {[%clk
00:51:16]} {[%emt 00:05:47]} fxg2 {[%clk 00:33:27]} {[%emt 00:01:15]} 27. Qxc7+
{[%clk 00:48:19]} {[%emt 00:03:27]} Kxc7 {[%clk 00:32:54]} {[%emt 00:01:03]}
28. Ra7+ {[%clk 00:48:20]} {[%emt 00:00:30]} Kc8 {[%clk 00:33:16]} {[%emt
00:00:08]} 29. Rxf7 {[%clk 00:48:40]} {[%emt 00:00:11]} Bf8 {[%clk 00:33:13]}
{[%emt 00:00:36]} 30. Rbb7 {[%clk 00:46:36]} {[%emt 00:02:31]} Rd7 {[%clk
00:32:55]} {[%emt 00:00:48]} 31. Rbxd7 {[%clk 00:45:43]} {[%emt 00:01:22]} Nxd7
{[%clk 00:33:14]} {[%emt 00:00:11]} 32. Kxg2 {[%clk 00:44:31]} {[%emt
00:01:42]} Kd8 {[%clk 00:32:59]} {[%emt 00:00:45]} 33. c4 {[%clk 00:43:15]}
{[%emt 00:01:45]} Ke8 {[%clk 00:32:35]} {[%emt 00:00:56]} 34. Rh7 {[%clk
00:42:14]} {[%emt 00:01:30]} Nc5 {[%clk 00:32:08]} {[%emt 00:00:57]} 35. Be3
{[%clk 00:36:06]} {[%emt 00:06:38]} Nxd3 {[%clk 00:30:02]} {[%emt 00:02:38]}
36. Rb7 {[%clk 00:35:25]} {[%emt 00:01:09]} g5 {[%clk 00:27:32]} {[%emt
00:02:59]} 37. Kf1 {[%clk 00:34:26]} {[%emt 00:01:29]} Nf4 {[%clk 00:25:30]}
{[%emt 00:02:34]} 38. Bxf4 {[%clk 00:33:50]} {[%emt 00:01:06]} exf4 {[%clk
00:25:15]} {[%emt 00:00:51]} 39. Ke2 {[%clk 00:34:08]} {[%emt 00:00:06]} Be7
{[%clk 00:22:41]} {[%emt 00:03:03]} 40. Kf3 {[%clk 00:32:06]} {[%emt 00:02:32]}
h5 {[%clk 00:21:33]} {[%emt 00:01:38]} 41. Ke4 {[%clk 00:32:10]} {[%emt
00:00:27]} h4 {[%clk 00:21:25]} {[%emt 00:00:39]} 42. Kf5 {[%clk 00:32:13]}
{[%emt 00:00:26]} Kf8 {[%clk 00:21:31]} {[%emt 00:00:25]} 43. Rxe7 {[%clk
00:30:53]} {[%emt 00:01:50]} Kxe7 {[%clk 00:21:35]} {[%emt 00:00:25]} 44. Kxg5
{[%clk 00:31:18]} {[%emt 00:00:05]} h3 {[%clk 00:21:47]} {[%emt 00:00:18]} 45.
f3 {[%clk 00:31:25]} {[%emt 00:00:22]} Kf7 {[%clk 00:21:59]} {[%emt 00:00:19]}
46. Kf5 {[%clk 00:30:37]} {[%emt 00:01:18]} Ke7 {[%clk 00:22:09]} {[%emt
00:00:20]} 47. Kg6 {[%clk 00:31:01]} {[%emt 00:00:06]} Kd7 {[%clk 00:20:40]}
{[%emt 00:02:01]} 48. Kf6 {[%clk 00:31:17]} {[%emt 00:00:13]} Kd8 {[%clk
00:20:44]} {[%emt 00:00:25]} 49. Ke6 {[%clk 00:31:39]} {[%emt 00:00:07]} Kc7
{[%clk 00:21:05]} {[%emt 00:00:11]} 50. Ke7 {[%clk 00:32:06]} {[%emt 00:00:02]}
Kc8 {[%clk 00:21:28]} {[%emt 00:00:07]} 51. Kxd6 {[%clk 00:32:31]} {[%emt
00:00:05]} Kd8 {[%clk 00:21:55]} {[%emt 00:00:04]} 52. Ke6 {[%clk 00:32:45]}
{[%emt 00:00:16]} Ke8 {[%clk 00:22:18]} {[%emt 00:00:06]} 53. d6 {[%clk
00:33:09]} {[%emt 00:00:06]} Kd8 {[%clk 00:22:29]} {[%emt 00:00:19]} 54. d7
{[%clk 00:33:27]} {[%emt 00:00:12]} Kc7 {[%clk 00:22:47]} {[%emt 00:00:12]} 55.
Ke7 {[%clk 00:33:45]} {[%emt 00:00:12]} Kb7 {[%clk 00:22:37]} {[%emt 00:00:40]}
56. d8=Q {[%clk 00:34:00]} {[%emt 00:00:15]} Kc6 {[%clk 00:22:56]} {[%emt
00:00:12]} 57. Qa5 {[%clk 00:33:43]} {[%emt 00:00:46]} Kb7 {[%clk 00:23:14]}
{[%emt 00:00:11]} 58. Qc5 {[%clk 00:34:01]} {[%emt 00:00:13]} Ka6 {[%clk
00:23:33]} {[%emt 00:00:12]} 59. Qb4 {[%clk 00:34:16]} {[%emt 00:00:14]} 1-0

[Event "DEM U12 2025"]
[Site "Willingen GER"]
[Date "2025.06.11"]
[Round "5"]
[White "Al Luwaisi, Omer"]
[Black "Braren, Ove Neelis"]
[Result "1-0"]
[Termination "normal"]
[Board "22"]
[WhiteElo "1683"]
[BlackElo "1716"]
[WhiteClock "00:39:23"]
[BlackClock "00:16:12"]
[PlyCount "99"]
[WhiteFideId "34645888"]
[BlackFideId "34663770"]
[EventCountry "GER"]
[EventRounds "9"]
[EventType "swiss"]
[EventDate "2025.06.07"]

1. e4 {[%clk 01:30:59]} e5 {[%clk 01:30:46]} {[%emt 00:00:15]} 2. Nf3 {[%clk
01:31:24]} {[%emt 00:00:05]} Nc6 {[%clk 01:31:04]} {[%emt 00:00:12]} 3. Nc3
{[%clk 01:31:48]} {[%emt 00:00:05]} Nf6 {[%clk 01:31:13]} {[%emt 00:00:21]} 4.
Bb5 {[%clk 01:32:07]} {[%emt 00:00:11]} Bd6 {[%clk 01:30:40]} {[%emt 00:01:03]}
5. O-O {[%clk 01:26:58]} {[%emt 00:05:39]} O-O {[%clk 01:29:50]} {[%emt
00:01:20]} 6. Re1 {[%clk 01:20:27]} {[%emt 00:06:57]} a6 {[%clk 01:27:41]}
{[%emt 00:02:44]} 7. Ba4 {[%clk 01:19:07]} {[%emt 00:01:49]} b5 {[%clk
01:25:17]} {[%emt 00:02:54]} 8. Bb3 {[%clk 01:19:02]} {[%emt 00:00:35]} Na5
{[%clk 01:22:58]} {[%emt 00:02:50]} 9. d4 {[%clk 01:18:36]} {[%emt 00:00:55]}
Qe7 {[%clk 01:05:29]} {[%emt 00:17:58]} 10. Bg5 {[%clk 01:16:21]} {[%emt
00:02:46]} c6 {[%clk 01:03:18]} {[%emt 00:02:40]} 11. Bh4 {[%clk 01:11:07]}
{[%emt 00:05:30]} Nxb3 {[%clk 00:44:53]} {[%emt 00:19:09]} 12. axb3 {[%clk
01:11:13]} {[%emt 00:00:24]} Bc7 {[%clk 00:37:28]} {[%emt 00:07:54]} 13. dxe5
{[%clk 00:52:01]} {[%emt 00:19:42]} Bxe5 {[%clk 00:36:25]} {[%emt 00:01:33]}
14. Nxe5 {[%clk 00:48:59]} {[%emt 00:03:33]} Qxe5 {[%clk 00:36:22]} {[%emt
00:00:32]} 15. Bg3 {[%clk 00:49:23]} {[%emt 00:00:06]} Qh5 {[%clk 00:32:07]}
{[%emt 00:04:45]} 16. Bd6 {[%clk 00:47:42]} {[%emt 00:02:11]} Re8 {[%clk
00:31:22]} {[%emt 00:01:15]} 17. e5 {[%clk 00:48:04]} {[%emt 00:00:08]} Qxd1
{[%clk 00:30:59]} {[%emt 00:00:52]} 18. Raxd1 {[%clk 00:48:18]} {[%emt
00:00:17]} Ng4 {[%clk 00:30:32]} {[%emt 00:00:54]} 19. Ne4 {[%clk 00:43:21]}
{[%emt 00:05:30]} Nh6 {[%clk 00:21:38]} {[%emt 00:09:24]} 20. Nc5 {[%clk
00:43:28]} {[%emt 00:00:24]} Nf5 {[%clk 00:21:09]} {[%emt 00:00:58]} 21. g4
{[%clk 00:42:52]} {[%emt 00:01:07]} Nxd6 {[%clk 00:21:01]} {[%emt 00:00:38]}
22. exd6 {[%clk 00:43:08]} {[%emt 00:00:14]} Rxe1+ {[%clk 00:20:36]} {[%emt
00:00:56]} 23. Rxe1 {[%clk 00:43:33]} {[%emt 00:00:04]} Kf8 {[%clk 00:20:50]}
{[%emt 00:00:15]} 24. Kg2 {[%clk 00:44:00]} {[%emt 00:00:03]} a5 {[%clk
00:20:51]} {[%emt 00:00:29]} 25. Re7 {[%clk 00:44:17]} {[%emt 00:00:13]} Ra7
{[%clk 00:19:12]} {[%emt 00:02:09]} 26. h4 {[%clk 00:44:43]} {[%emt 00:00:04]}
a4 {[%clk 00:19:36]} {[%emt 00:00:07]} 27. b4 {[%clk 00:44:57]} {[%emt
00:00:14]} a3 {[%clk 00:19:08]} {[%emt 00:00:59]} 28. bxa3 {[%clk 00:45:16]}
{[%emt 00:00:11]} Rxa3 {[%clk 00:19:29]} {[%emt 00:00:08]} 29. Ne4 {[%clk
00:43:18]} {[%emt 00:02:29]} Ra1 {[%clk 00:15:47]} {[%emt 00:04:11]} 30. Ng5
{[%clk 00:38:54]} {[%emt 00:04:55]} Rc1 {[%clk 00:14:15]} {[%emt 00:02:01]} 31.
Rxf7+ {[%clk 00:39:04]} {[%emt 00:00:21]} Kg8 {[%clk 00:14:36]} {[%emt
00:00:09]} 32. Re7 {[%clk 00:39:26]} {[%emt 00:00:08]} Kf8 {[%clk 00:14:59]}
{[%emt 00:00:07]} 33. Nxh7+ {[%clk 00:38:56]} {[%emt 00:01:01]} Kg8 {[%clk
00:15:21]} {[%emt 00:00:07]} 34. Ng5 {[%clk 00:37:50]} {[%emt 00:01:37]} Kf8
{[%clk 00:15:30]} {[%emt 00:00:20]} 35. Re2 {[%clk 00:35:44]} {[%emt 00:02:37]}
Rb1 {[%clk 00:15:19]} {[%emt 00:00:41]} 36. c3 {[%clk 00:35:59]} {[%emt
00:00:16]} Rd1 {[%clk 00:15:13]} {[%emt 00:00:35]} 37. Ne4 {[%clk 00:36:21]}
{[%emt 00:00:08]} Kf7 {[%clk 00:15:12]} {[%emt 00:00:31]} 38. f4 {[%clk
00:36:48]} {[%emt 00:00:03]} Rd3 {[%clk 00:15:30]} {[%emt 00:00:12]} 39. f5
{[%clk 00:37:06]} {[%emt 00:00:13]} Kf8 {[%clk 00:14:49]} {[%emt 00:01:06]} 40.
g5 {[%clk 00:36:32]} {[%emt 00:01:09]} Rd5 {[%clk 00:14:44]} {[%emt 00:00:34]}
41. Rf2 {[%clk 00:36:51]} {[%emt 00:00:11]} Re5 {[%clk 00:14:49]} {[%emt
00:00:25]} 42. Rf4 {[%clk 00:37:15]} {[%emt 00:00:07]} Kf7 {[%clk 00:15:09]}
{[%emt 00:00:10]} 43. g6+ {[%clk 00:37:08]} {[%emt 00:00:37]} Kf8 {[%clk
00:15:28]} {[%emt 00:00:10]} 44. h5 {[%clk 00:37:16]} {[%emt 00:00:24]} Kg8
{[%clk 00:15:38]} {[%emt 00:00:19]} 45. h6 {[%clk 00:37:15]} {[%emt 00:00:30]}
gxh6 {[%clk 00:15:47]} {[%emt 00:00:21]} 46. f6 {[%clk 00:37:41]} {[%emt
00:00:05]} Re6 {[%clk 00:15:39]} {[%emt 00:00:37]} 47. f7+ {[%clk 00:38:05]}
{[%emt 00:00:07]} Kf8 {[%clk 00:15:59]} {[%emt 00:00:10]} 48. g7+ {[%clk
00:38:29]} {[%emt 00:00:06]} Kxg7 {[%clk 00:16:08]} {[%emt 00:00:20]} 49. f8=Q+
{[%clk 00:38:56]} {[%emt 00:00:05]} Kg6 {[%clk 00:16:12]} {[%emt 00:00:25]} 50.
Qf7# {[%clk 00:39:23]} {[%emt 00:00:04]} 1-0